Мемоарите на татко Мумин (Запис номер 101239)
[ съкратено ]
| 000 -Лидер | |
|---|---|
| Контролно поле с фиксирана дължина | 01532nam a2200397 c 4500 |
| 003 - Код на организацията, давaща контролен номер | |
| Контролно поле | BLK |
| 005 - Дата и час на последна редакция | |
| Контролно поле | 20241206143522.0 |
| 008 - Елементи от данни с фиксирана дължина | |
| fixed length control field | 180409b bul|||||r ||||||| ||bul|| |
| 010 ## - Наследен системен номер | |
| LC control number | KNG00106282000 |
| 020 ## - Международен стандартен номер на книга ISBN | |
| Международен стандартен номер на книга ISBN | 978-954-527-491-6 |
| -- | издат.: Дамян Яков |
| 040 ## - Източник на каталожния запис | |
| Идентификатор на билиотеката - собственик на записа | BLK |
| 041 ## - Код за език | |
| Код за езика на текст/звукозапис или на отделно заглавие | Български |
| Код за езика КДБФ | Български |
| 072 #7 - Код за тематичната категория | |
| Код организация | bullib |
| Код за тематична категория | Н85 |
| Текст | Детска художествена литература Н |
| 080 ## - УДК | |
| Текстов определител УДК | Финландска литература |
| УДК код - определител по УДК | 821.511.111 |
| УДК определител | -93-31 |
| УДК - код + определител | 821.511.111-93-31 |
| 100 1# - Редна дума - Автор | |
| Автор | Янсон, Туве |
| Авторска отговорност | първи автор |
| R(LIN) | 365645 |
| 139 ## - Редно поле | |
| Редна дума | Янсон, Туве |
| Авторски знак | Янсо - Я 67 |
| 245 10 - Сведения за заглавието | |
| Заглавие | Мемоарите на татко Мумин |
| Редно поле (дума) | Туве Янсон; ил. Туве Янсон; прев. Пламен Петров. |
| 250 ## - Област на изданието | |
| Сведения за изданието | 2. изд. |
| 257 ## - Страна на издаване | |
| Страна на създаване/издаване | Финландия |
| 260 ## - Област на издателските данни | |
| -- | София |
| Име на издателя, разпространителя и проч. | Дамян Яков |
| Година на издаване | 2010 |
| Печатница | София : печ. Вулкан |
| 300 ## - Физическа характеристика | |
| Страници | 168 с. |
| Илюстрации и др. | с ил. |
| Размери/Мащаб | 22 см |
| 380 ## - Жанр | |
| Жанр | Детска худож. лит. |
| 500 ## - Общи забележки | |
| Забележка | Ориг. загл. Muminpappans Memoarer / Tove Jansson. |
| 653 ## - Ключова дума – ненормативна | |
| Ключова дума | романи |
| 653 ## - Ключова дума – ненормативна | |
| Ключова дума | литература за деца |
| 653 ## - Ключова дума – ненормативна | |
| Ключова дума | детска литература |
| 659 ## - Тематичен бюлетин | |
| Тематичен бюлетин | Н |
| 700 1# - Други автори (авторска отговорност) | |
| Лично име | Янсон, Туве |
| Автороска отговорност (Описва отношението между автора и произведението) | ил. |
| 9 (RLIN) | 365645 |
| 700 1# - Други автори (авторска отговорност) | |
| Лично име | Петров, Пламен |
| Автороска отговорност (Описва отношението между автора и произведението) | прев. |
| 9 (RLIN) | 365416 |
| 852 ## - Местоположение | |
| Форматна сигнатура | Цб 255061 |
| 856 4# - Електронен адрес и достъп | |
| Електронен формат | pdf - файл |
| Път до файла /url/ | |
| 856 4# - Електронен адрес и достъп | |
| Електронен формат | pdf - файл |
| Път до файла /url/ | |
| 942 ## - АРТИКУЛИ | |
| Вид на библиотечния материал | Книги |
| Скрит в OPAC | Не |
| Koha issues (borrowed), all copies | 1 |
| 944 ## - СЪЗДАВАНЕ И РЕДАКЦИЯ на ЗАПИСА | |
| Създаване/Редакция | Създаване |
| Дата на регистрацията/редакция | 16.05.2012 |
| Статус, дата на статуса | Грета Цуфелде |
| Служител, извършил регистрацията/редакцията | 30537 |
| 944 ## - СЪЗДАВАНЕ И РЕДАКЦИЯ на ЗАПИСА | |
| Създаване/Редакция | Редакция |
| Дата на регистрацията/редакция | 16.12.2016 |
| Статус, дата на статуса | ф / |
| Служител, извършил регистрацията/редакцията | Виолета_Тройчева |
| 999 ## - СИСТЕМНИ КОНТРОЛНИ НОМЕРА | |
| Koha biblionumber | 101239 |
| Koha biblioitemnumber | 101239 |
| Код за отписване | Код за изгубен артикул | Код за повреда | Коз за рестрикции | Код за отдаване | Артикулен № | Име на библиотеката - собственик | Име на библиотеката, в която се намира в момента | Статус (Текущо местоположение) | Дата на вписване в системата | Местоположение - отдел | Цена в лева | Инвентарен номер | Систематично азбучна сигнатура | Баркод | Номер на екземпляра | Цена в евро | Служебна бележка | Служебен тип на артикула |
|---|---|---|---|---|---|---|---|---|---|---|---|---|---|---|---|---|---|---|
| Не е изгубен | Не е повреден | без рестрикции | заемане за дома | 162907 | Регионална библиотека "Любен Каравелов" Русе | Регионална библиотека "Любен Каравелов" Русе | Детски отдел | 2012-05-16 | Детски отдел | 6.40 | 120000757358 | ДХ 820/899/Я 67 | 120000757358 | 1 | 3.27 | Дост: DA Вид: А N: 7 Дата: 16.05.2012 Дата инв: 14.08.2015 Бележки инв: Д2015 | Книги | |
| Не е изгубен | Не е повреден | без рестрикции | заемане за дома | 162908 | Регионална библиотека "Любен Каравелов" Русе | Регионална библиотека "Любен Каравелов" Русе | Детски отдел | 2012-05-29 | Детски отдел | 8.00 | 120000757844 | ДХ 820/899/Я 67 | 120000757844 | 2 | 4.09 | Дост: DA Вид: А N: 8 Дата: 28.05.2012 Дата инв: 14.08.2015 Бележки инв: Д2015 | Книги | |
| Не е изгубен | Не е повреден | без рестрикции | ползва се в читалня | 162909 | Регионална библиотека "Любен Каравелов" Русе | Регионална библиотека "Любен Каравелов" Русе | Хранилище | 2012-07-06 | Хранилище | 8.00 | 120000758858 | Цб 255061 | 120000758858 | 3 | 4.09 | Дост: Dp Вид: Д N: 24 Дата: 15.06.2011 | Книги |